Cuando sube la marea / (Registro nro. 10646)

Detalles MARC
000 -LIDER
fixed length control field 01066cam a2200361 i 4500
001 - NÚMERO DE CONTROL
Identificador de número de control 0000465
003 - IDENTIFICACDOR DE NÚMERO DE CONTROL
control field DO-SdBNP
005 - DATE AND TIME OF LATEST TRANSACTION
control field 20231113085622.0
008 - ELEMENTOS DE LONGITUD FIJA
fixed length control field 100514s 2010 sp || 000 f spa
015 ## - NÚMERO DENTRO DE LA BIBLIOGRAFÍA NACIONAL
National bibliography number
017 ## - NÚMERO DE REGISTRO DE DERECHOS DE AUTOR
Copyright or legal deposit number
Assigning agency
020 ## - ISBN
International Standard Book Number 9788466319737
035 ## - NÚMERO LOCAL
System control number
040 ## - FUENTE DE CATALOGACIÓN
Agencia que crea de manera original el registro BPMSU
Idioma de catalogación spa
Agencia que realiza la transcripción BPMSU
Convenciones de la despripción
080 ## - NÚMERO DE CLASIFICACIÓN DECIMAL UNIVERSAL
Universal Decimal Classification number
082 #4 - NÚMERO DE CLASIFICACIÓN DECIMAL DE DEWEY
Classification number 813.5
Item number R643c 2010
Edition number 22
100 1# - ASIENTO PRINCIPAL -- NOMBRE PERSONAL
Nombre personal Roberts, Nora
Fechas asociadas con el nombre 1950-
245 10 - MENCIÓN DE TITULO
Título Cuando sube la marea /
Mención de responsabilidad Nora Roberts ; traducción Carmen Valle Simón
250 ## - MENCIÓN DE EDICION
Mención de edición 5a. ed.
260 ## - PUBLICACIÓN, DISTRIBUCIÓN, ETC. (PIE DE IMPRENTA)
Lugar de publicación, distribución, etc Madrid :
Nombre del editor, distribuidor, etc. Santillana ediciones generales,
Fecha de publicación, distribución, etc 2010.
300 ## - DESCRIPCIÓN FÍSICA
Extensión 417 p. :
Dimensiones 19 cm
490 0# - MENCIÓN DE SERIES
Mención de serie Punto de lectura
490 1# - MENCIÓN DE SERIES
Mención de serie Bahía de Chasepeake
Volume/sequential designation 2
490 1# - MENCIÓN DE SERIES
Mención de serie Romántica
Volume/sequential designation 78, 5
500 ## - NOTA GENERAL
Nota general Incluye datos biográficos de la autora en la contracubierta
500 ## - NOTA GENERAL
Nota general Bahìa de Chesapeake 11
534 ## - NOTA SOBRE LA VERSIÓN ORIGINAL
Asiento principal del original Título original :
Mención del título original Rising tides
590 ## - NOTA LOCAL
Texto de la nota local Inventariado, 2023/VM
650 #4 - ENCABEZAMIENTO DE MATERIA--TEMÁTICO
Término temático o nombre geográfico como elemento de entrada Novela estadounidense
700 1# - ASIENTO SECUNDARIO -- NOMBRE PERSONAL
Nombre personal Valle Simón, Carmen
Mención de responsabilidad tr.
910 ## - VALIDACIÓN
Validación VMateo V. Control de calidad. BPMSU
942 ## - ADDED ENTRY ELEMENTS (KOHA)
Source of classification or shelving scheme Dewey Decimal Classification
Koha item type Libros
Existencias
Withdrawn status Lost status Source of classification or shelving scheme Damaged status Not for loan Collection code Home library Current library Date acquired Source of acquisition Total Checkouts Full call number Barcode Date last seen Copy number Price effective from Koha item type
    Dewey Decimal Classification     Colección General Biblioteca Pública Metropolitana Salomé Ureña Biblioteca Pública Metropolitana Salomé Ureña 07/01/2016 Alfaguara   BPMSU CG 813.5 R643c 2010 BPMSU16070016 07/01/2016 v.2 07/01/2016 Libros
    Dewey Decimal Classification     Colección General Biblioteca Pública Metropolitana Salomé Ureña Biblioteca Pública Metropolitana Salomé Ureña 07/01/2016 Alfaguara   BPMSU CG 813.5 R643c 2010 BPMSU16070017 07/01/2016 v.2, e.2 07/01/2016 Libros
    Dewey Decimal Classification     Colección General Biblioteca Pública Metropolitana Salomé Ureña Biblioteca Pública Metropolitana Salomé Ureña 07/01/2016 Alfaguara   BPMSU CG 813.5 R643c 2010 BPMSU16070018 07/01/2016 v.2, e.3 07/01/2016 Libros